=LDR 00000nam 2200000 4500 =001 INLIS000000000031194 =005 20130612133259 =008 ***********************************Ind** =035 ##$$0010-061300000031194 =041 ##$$a Ind =082 ##$$a 340.343 =090 ##$$a 340.343, Gau, h =100 ##$$a Gautama,Sudargo =245 ##$$a Himpunan Keputusan Hukum Antar Golongan, Sudargo Gautama =260 ##$$a 1973 $b Bandung =300 ##$$a 404 hlm., 21 cm =650 ##$$a Hukum-Himpunan Keputusan =850 ##$$a NBPNMAT